Fr. Conceicao Rodrigues College of Engineering

Cell system of production (Record no. 25997)

MARC details
000 -LEADER
fixed length control field 00284nam a2200133Ia 4500
082 ## - DEWEY DECIMAL CLASSIFICATION NUMBER
Classification number 658.5
Item number JAC
100 ## - MAIN ENTRY--PERSONAL NAME
Personal name Jackson/David
245 ## - TITLE STATEMENT
Title Cell system of production
260 ## - PUBLICATION, DISTRIBUTION, ETC.
Name of publisher, distributor, etc. Business Books
Place of publication, distribution, etc. London
Date of publication, distribution, etc. 1978
300 ## - PHYSICAL DESCRIPTION
Extent 169
546 ## - LANGUAGE NOTE
Language note ENGLISH
654 ## - SUBJECT ADDED ENTRY--FACETED TOPICAL TERMS
Focus term cell
942 ## - ADDED ENTRY ELEMENTS (KOHA)
Koha item type BOOK
Holdings
Withdrawn status Lost status Damaged status Not for loan Collection Home library Current library Shelving location Date acquired Cost, normal purchase price Total Checkouts Full call number Barcode Date last seen Cost, replacement price Price effective from Koha item type
        CRC Fr. Agnel's C.Rodrigues College of Engineering Fr. Agnel's C.Rodrigues College of Engineering   17/03/2023 73.35   658.5 JAC 2473 17/03/2023 73.35 17/03/2023 BOOK
        CRC Fr. Agnel's C.Rodrigues College of Engineering Fr. Agnel's C.Rodrigues College of Engineering   17/03/2023 73.35   658.5 JAC 2474 17/03/2023 73.35 17/03/2023 BOOK